Corals and Associated Fauna: (Record no. 188485)

MARC details
000 -LEADER
fixed length control field 00629nam a22001817a 4500
005 - DATE AND TIME OF LATEST TRANSACTION
control field 20220525103400.0
010 ## - LCCN (DPL NO)
LC control number ENG-132811
020 ## - INTERNATIONAL STANDARD BOOK NUMBER
International Standard Book Number 9788181715562
Terms of availability 1600.00
035 ## - SYSTEM CONTROL NUMBER
System control number EN-116343
037 ## - SOURCE OF ACQUISITION
Source of stock number/acquisition DBAD/PUB
082 ## - DEWEY DECIMAL CLASSIFICATION NUMBER
Classification number 593.6095488
100 ## - MAIN ENTRY--PERSONAL NAME
Personal name Raghunathan, C.
245 ## - TITLE STATEMENT
Title Corals and Associated Fauna:
Remainder of title In North Reef, INterview, Latocuhe, Kwangtung and Shark Islands Sanctuaries, North Andaman/
Statement of responsibility, etc C. Raghunathan
260 ## - PUBLICATION, DISTRIBUTION, ETC. (IMPRINT)
Place of publication, distribution, etc Kolkata
Name of publisher, distributor, etc Zoological Survey of India
Date of publication, distribution, etc 2020
270 ## - ADDRESS
Address 535, M-Block, New Alipore
City Kolkata
Postal code 700053
300 ## - PHYSICAL DESCRIPTION
Extent 188p
Dimensions 24cm(pbk)
942 ## - ADDED ENTRY ELEMENTS (KOHA)
Source of classification or shelving scheme Dewey Decimal Classification
Item type English Books
Classification part 593.6095488
Call number suffix RAG
Holdings
Withdrawn status Lost status Not for loan Collection code Home library Current library Date acquired Source of acquisition Cost, normal purchase price Full call number Barcode Copy number Cost, replacement price Koha item type
    Not For Loan Non-fiction D.B.Act.Division Mobile Library 25/05/2022 DBAD/PUB 1600.00 593.6095488 RAG EN-116343 1 1600.00 English Books

© Delhi Public Library
Hit Counter
free hit counter